00215nam a2200085Ia 4500100002200000654001900022245004300041260003300084546001200117 aSchrader Bellows  aProduct Manual aProduct Manual For Fluid Power Product bSchrader Duncan Ltd.aBombay aENGLISH